000 00528nam a22002057a 4500
005 20170329105702.0
008 170329b xxu||||| |||| 00| 0 eng d
020 _a9788188939350
_c₹ 400.00
040 _aLoreto College
041 _aHindi
082 _a891.431
_bKAB-TOK
100 _aToki, Rajendra
245 _aKabir
_bDrishti prati dristi
_cRajendra Toki
260 _aDelhi
_bVimala Books
_c2012
300 _a187p.
_b24cm
600 _aKabir
650 _aHindi Poetry-Criticism
850 _aLCLIB
942 _cBK
999 _c41007
_d91486